The American economic system... and your part in it.
Đã lưu trong:
| Format: | Bog |
|---|---|
| Sprog: | Undetermined |
| Udgivet: |
New York
United Feature Syndicate, Inc.
1965
|
| Fag: | |
| Tags: |
Tilføj Tag
Ingen Tags, Vær først til at tagge denne postø!
|
| Thư viện lưu trữ: | Trung tâm Học liệu Trường Đại học Cần Thơ |
|---|
| LEADER | 00443nam a2200157Ia 4500 | ||
|---|---|---|---|
| 001 | CTU_83387 | ||
| 008 | 210402s9999 xx 000 0 und d | ||
| 082 | |a 330 | ||
| 082 | |b A512 | ||
| 245 | 4 | |a The American economic system... and your part in it. | |
| 260 | |a New York | ||
| 260 | |b United Feature Syndicate, Inc. | ||
| 260 | |c 1965 | ||
| 650 | |a Economic | ||
| 904 | |i Qhieu(sửa) | ||
| 980 | |a Trung tâm Học liệu Trường Đại học Cần Thơ | ||